| 000 | 00448nam a2200181Ia 4500 | ||
|---|---|---|---|
| 008 | 240925s9999 xx 000 0 und d | ||
| 020 | _a9780470938607 | ||
| 082 | _a657 WEY | ||
| 100 | _aWeygandt, Jerry J. | ||
| 245 | 0 | _aAccounting Principles | |
| 250 | _a10th | ||
| 260 |
_aNew York: _bJohn Wiley & Sons _c,2012. |
||
| 300 |
_a767p. _b0 _fOriginal |
||
| 500 | _aIncludes Index | ||
| 600 | _aManagement | ||
| 650 | _aAccounting | ||
| 942 | _cBK | ||
| 999 |
_c14560 _d14560 |
||